[Event "II. CLANSKA LIGA ZAHOD 2019"]
[Site "Komenda"]
[Date "2019.12.01"]
[Round "9.4"]
[White "Janko, Roman"]
[Black "Sivcevic, Nusret"]
[Result "0-1"]
[WhiteElo "1859"]
[BlackElo "1748"]
[PlyCount "150"]
[EventDate "2019.12.01"]
[WhiteTeam "SK DOLENJSKE TOPLICE"]
[BlackTeam "SK LJUBLJANA"]

1. e4 e6 2. d4 b6 3. Nc3 Bb7 4. a3 d6 5. Nf3 Nf6 6. Bd3 Nbd7 7. O-O h6 8. Re1
g5 9. Nd2 e5 10. d5 a6 11. Nf1 Rg8 12. Ng3 h5 13. Nf5 Nc5 14. b4 Nxd3 15. cxd3
Bc8 16. d4 Nxe4 17. Nxe4 Bxf5 18. Ng3 Qd7 19. dxe5 O-O-O 20. Qf3 Bg4 21. e6 Qe7
22. Qd3 Kb7 23. f3 h4 24. fxg4 hxg3 25. Bb2 gxh2+ 26. Kh1 Bg7 27. Bxg7 Rxg7 28.
Rac1 f6 29. Rc6 Rh8 30. Rec1 Qd8 31. a4 Rh4 32. a5 b5 33. Rxa6 Kxa6 34. Rc6+
Ka7 35. Qxb5 Qc8 36. Qc4 Qb7 37. b5 Kb8 38. a6 Rxg4 39. axb7 Rxc4 40. Rxc4 Kxb7
41. Rc6 f5 42. Kxh2 Rh7+ 43. Kg3 Rh4 44. b6 cxb6 45. Rxd6 Re4 46. Rd7+ Kc8 47.
Rf7 Re5 48. Rf8+ Kc7 49. Rf7+ Kc8 50. Ra7 Kb8 51. Rg7 Kc8 52. Ra7 Kd8 53. Rd7+
Ke8 54. Rd6 b5 55. Rd7 b4 56. Rb7 Rxd5 57. Rxb4 Ke7 58. Rb6 Rd6 59. Rb5 Kxe6
60. Kf3 Rd3+ 61. Ke2 Ra3 62. Kf2 Kf6 63. Rb6+ Kf7 64. Rb5 Kg6 65. Rb6+ Kh5 66.
Rb2 Kg4 67. Rb4+ f4 68. Rb2 Rc3 69. Ra2 Kh4 70. Rb2 g4 71. Rb8 Rc2+ 72. Kf1 Kg3
73. Rb3+ Kh2 74. Rb4 Rc1+ 75. Kf2 g3+ 0-1

[Event "II. CLANSKA LIGA ZAHOD 2019"]
[Site "Komenda"]
[Date "2019.12.01"]
[Round "9.5"]
[White "Hribar, Andrej"]
[Black "Turkovic, Igor"]
[Result "0-1"]
[WhiteElo "1714"]
[BlackElo "1789"]
[PlyCount "108"]
[EventDate "2019.12.01"]
[WhiteTeam "SK LJUBLJANA"]
[BlackTeam "SK DOLENJSKE TOPLICE"]

1. d4 Nf6 2. c4 c5 3. e3 g6 4. f4 cxd4 5. exd4 Bg7 6. Nf3 O-O 7. Be2 d6 8. Nc3
Bg4 9. O-O a6 10. Be3 Re8 11. d5 Nbd7 12. Rc1 Rc8 13. b3 Nc5 14. Bxc5 Rxc5 15.
Nd4 Bd7 16. f5 Rc8 17. Kh1 Qb6 18. h3 Nxd5 19. Nxd5 Qxd4 20. fxg6 hxg6 21. Qe1
Bf5 22. Rd1 Qe5 23. Qd2 Be4 24. Bf3 Bxf3 25. Rxf3 e6 26. Re1 Qb2 27. Qf4 f5 28.
Rf2 Qd4 29. Qxd4 Bxd4 30. Rfe2 Kf7 31. Nf4 Be5 32. Nd3 Bg3 33. Rd1 Red8 34. Rf1
b5 35. cxb5 axb5 36. Re3 Bh4 37. Nb4 Rc5 38. g3 Bf6 39. g4 Rdc8 40. gxf5 gxf5
41. Rd3 Rc1 42. Rxc1 Rxc1+ 43. Kg2 d5 44. Rd2 Bc3 45. Rc2 Rxc2+ 46. Nxc2 f4 47.
Kf3 e5 48. a4 bxa4 49. bxa4 Kf6 50. Kg4 d4 51. Na3 d3 52. Nb5 Ba5 53. Kf3 e4+
54. Kf2 e3+ 0-1

[Event "II. CLANSKA LIGA ZAHOD 2019"]
[Site "Komenda"]
[Date "2019.12.01"]
[Round "9.6"]
[White "Voglar, Peter"]
[Black "Guid, Taja"]
[Result "1-0"]
[WhiteElo "2046"]
[BlackElo "1557"]
[PlyCount "107"]
[EventDate "2019.12.01"]
[WhiteTeam "SK DOLENJSKE TOPLICE"]
[BlackTeam "SK LJUBLJANA"]

1. c4 c5 2. Nc3 g6 3. g3 Bg7 4. Bg2 Nc6 5. e3 e5 6. Nge2 Nge7 7. O-O O-O 8. d3
d6 9. h3 Be6 10. e4 Qd7 11. Kh2 Rab8 12. Rb1 a6 13. Nd5 Bxd5 14. exd5 Nd4 15.
Nxd4 exd4 16. b4 b5 17. bxc5 dxc5 18. Bf4 Rbd8 19. Qc1 b4 20. Re1 Nc8 21. a3 a5
22. axb4 axb4 23. Ra1 Nb6 24. Ra5 Na4 25. d6 Rfe8 26. Rxe8+ Qxe8 27. Qa1 Nc3
28. Rxc5 Qe2 29. Qa5 Rf8 30. d7 Bf6 31. Rc8 Qe7 32. Bh6 Rd8 33. Rxd8+ Qxd8 34.
Qxb4 Be7 35. Qb7 Na4 36. Bc6 Nc5 37. Qc8 Nxd3 38. Kg2 Ne5 39. Bf4 f6 40. Bd5+
Kg7 41. Be6 g5 42. Bxe5 fxe5 43. c5 Kf6 44. Bg4 d3 45. c6 Qa5 46. c7 Qd5+ 47.
Bf3 e4 48. d8=Q exf3+ 49. Kh2 Bxd8 50. Qxd8+ Ke5 51. Qxg5+ Kd4 52. Qxd5+ Kxd5
53. c8=Q Kd4 54. Qc1 1-0

[Event "II. CLANSKA LIGA ZAHOD 2019"]
[Site "Komenda"]
[Date "2019.12.01"]
[Round "9.1"]
[White "Jukan, Nesib"]
[Black "Rodman, Franc"]
[Result "0-1"]
[WhiteElo "1976"]
[BlackElo "2052"]
[PlyCount "82"]
[EventDate "2019.12.01"]
[WhiteTeam "SK TRZIN"]
[BlackTeam "SD JESENICE"]

1. d4 Nf6 2. Bg5 c5 3. e3 Qb6 4. b3 Ne4 5. Bf4 cxd4 6. Qxd4 Qxd4 7. exd4 e6 8.
Bd3 Bb4+ 9. Nd2 Bc3 10. Rd1 Nxd2 11. Bxd2 Bxd4 12. Nf3 Bc5 13. Bc3 O-O 14. h4
Nc6 15. Kf1 d5 16. h5 f6 17. Rh4 e5 18. Bb5 Ne7 19. b4 Bb6 20. Ba4 Be6 21. Bb3
Rac8 22. Bb2 Rfd8 23. Re1 Nf5 24. Rh2 Bf7 25. g4 Nd6 26. g5 Nc4 27. Bc1 Re8 28.
gxf6 gxf6 29. Bh6 Kh8 30. Ke2 Rg8 31. a4 e4 32. Nd2 Bc7 33. Rh4 f5 34. Bxc4
dxc4 35. Be3 Be5 36. f3 c3 37. Nxe4 fxe4 38. Rxe4 Rce8 39. Kd1 Bxh5 40. Rxe5
Rxe5 41. Bd4 Rge8 0-1

[Event "II. CLANSKA LIGA ZAHOD 2019"]
[Site "Komenda"]
[Date "2019.12.01"]
[Round "9.2"]
[White "Jeraj, Zlatko"]
[Black "Rojs, Igor"]
[Result "1/2-1/2"]
[WhiteElo "2032"]
[BlackElo "1995"]
[PlyCount "108"]
[EventDate "2019.12.01"]
[WhiteTeam "SD JESENICE"]
[BlackTeam "SK TRZIN"]

1. d4 Nf6 2. c4 e6 3. Nf3 d5 4. Nc3 c6 5. Bg5 Nbd7 6. e3 Qa5 7. Bxf6 Nxf6 8. a3
Ne4 9. Rc1 Nxc3 10. Qd2 Bd6 11. Rxc3 O-O 12. Be2 Bd7 13. c5 Be7 14. O-O Bf6 15.
Qc2 Rad8 16. h4 Rfe8 17. Bd3 h6 18. g4 g5 19. hxg5 hxg5 20. Ne5 Bxe5 21. dxe5
Qc7 22. f4 Kg7 23. Qf2 Rf8 24. fxg5 Qxe5 25. Qf6+ Qxf6 26. gxf6+ Kh6 27. g5+
Kxg5 28. Rc2 Rg8 29. Bh7 Kh6+ 30. Bxg8 Rxg8+ 31. Rg2 Rxg2+ 32. Kxg2 Kg5 33. Rh1
Kxf6 34. Rh8 e5 35. Rb8 Ke6 36. Rxb7 f5 37. Rxa7 d4 38. exd4 exd4 39. Kf3 Be8
40. Kf4 Kd5 41. Re7 Bh5 42. Re5+ Kc4 43. Rxf5 Be2 44. Re5 Bd1 45. b4 Bc2 46.
Re6 Ba4 47. Rd6 Kc3 48. Ke4 Bc2+ 49. Kf3 Ba4 50. Ke2 Bb5+ 51. Ke1 d3 52. Rd8
Kc2 53. Rd6 Kc3 54. Kd1 Ba4+ 1/2-1/2

[Event "II. CLANSKA LIGA ZAHOD 2019"]
[Site "Komenda"]
[Date "2019.12.01"]
[Round "9.3"]
[White "Leben, Dusan"]
[Black "Pazlar, Marko"]
[Result "1/2-1/2"]
[WhiteElo "1853"]
[BlackElo "2028"]
[PlyCount "62"]
[EventDate "2019.12.01"]
[WhiteTeam "SK TRZIN"]
[BlackTeam "SD JESENICE"]

1. e4 e6 2. d4 d5 3. exd5 exd5 4. Nf3 Bd6 5. Be2 Ne7 6. O-O O-O 7. Bg5 f6 8.
Bh4 c6 9. c3 Bf5 10. Bd3 Re8 11. Qc2 Qd7 12. Bg3 Bxd3 13. Qxd3 Bxg3 14. hxg3
Qf5 15. Qxf5 Nxf5 16. Nbd2 Nd7 17. Rfe1 Nd6 18. Kf1 Kf7 19. Rxe8 Rxe8 20. Re1
Rxe1+ 21. Nxe1 h5 22. Nd3 g5 23. Ke2 Ke6 24. a4 a5 25. Nc5+ Ke7 26. Nxd7 Kxd7
27. Kd3 b6 28. b4 Ke6 29. bxa5 bxa5 30. Nb3 Nc4 31. Nc5+ Kd6 1/2-1/2

[Event "II. CLANSKA LIGA ZAHOD 2019"]
[Site "Komenda"]
[Date "2019.12.01"]
[Round "9.4"]
[White "Pavlin, Ivan"]
[Black "Grum, Andrej"]
[Result "1/2-1/2"]
[WhiteElo "1858"]
[BlackElo "1747"]
[PlyCount "50"]
[EventDate "2019.12.01"]
[WhiteTeam "SD JESENICE"]
[BlackTeam "SK TRZIN"]

1. d4 Nf6 2. c4 c5 3. d5 b5 4. cxb5 g6 5. Nc3 d6 6. e4 a6 7. bxa6 Bg7 8. Bb5+
Nbd7 9. Nge2 O-O 10. O-O Bxa6 11. Bxa6 Rxa6 12. Qc2 e6 13. Rd1 Qa8 14. b3 exd5
15. exd5 Nb6 16. Bb2 Nfxd5 17. Nxd5 Nxd5 18. Bxg7 Kxg7 19. Qb2+ Kg8 20. a4 Nb4
21. Qc3 Nd5 22. Qb2 Nb4 23. Qc3 Nd5 24. Qb2 Nb4 25. Qc3 Nd5 1/2-1/2

[Event "II. CLANSKA LIGA ZAHOD 2019"]
[Site "Komenda"]
[Date "2019.12.01"]
[Round "9.5"]
[White "Bajec, Borut"]
[Black "Ravnik, Franc"]
[Result "1/2-1/2"]
[WhiteElo "1742"]
[BlackElo "1871"]
[PlyCount "42"]
[EventDate "2019.12.01"]
[WhiteTeam "SK TRZIN"]
[BlackTeam "SD JESENICE"]

1. d4 d5 2. c4 c6 3. Nc3 Nf6 4. Nf3 g6 5. e3 Bg7 6. Bd3 O-O 7. O-O b6 8. b3 Bb7
9. Bb2 Nbd7 10. Rc1 Rc8 11. Qe2 Re8 12. Rfd1 e6 13. cxd5 exd5 14. Ba6 Bxa6 15.
Qxa6 Rc7 16. Rc2 Qc8 17. Qe2 Qd8 18. Qa6 Qc8 19. Qe2 Qd8 20. Qa6 Qc8 21. Qe2
Qd8 1/2-1/2

[Event "II. CLANSKA LIGA ZAHOD 2019"]
[Site "Komenda"]
[Date "2019.12.01"]
[Round "9.6"]
[White "Kokalj, Janez"]
[Black "Konvalinka, Kostja"]
[Result "1/2-1/2"]
[WhiteElo "1864"]
[BlackElo "1702"]
[PlyCount "104"]
[EventDate "2019.12.01"]
[WhiteTeam "SD JESENICE"]
[BlackTeam "SK TRZIN"]

1. Nf3 d5 2. e4 dxe4 3. Ng5 Nf6 4. Nc3 e6 5. Ngxe4 Be7 6. d4 Nc6 7. Be3 O-O 8.
Be2 Nb4 9. a3 Nbd5 10. O-O b6 11. Bf3 Bb7 12. Nxf6+ Bxf6 13. Ne4 Rb8 14. c3 e5
15. Qa4 a6 16. Rad1 Qe7 17. Nxf6+ Qxf6 18. dxe5 Qxe5 19. Bxd5 Bxd5 20. Bf4 Bc6
21. Qb4 Qe4 22. Qxe4 Bxe4 23. Bxc7 Rb7 24. Rfe1 Bxg2 25. Bd6 Bf3 26. Rd3 Rd7
27. Bxf8 Rxd3 28. Bc5 h6 29. Bxb6 Rd6 30. Bd4 Rg6+ 31. Kf1 Bd5 32. Re5 Bc4+ 33.
Ke1 Re6 34. Kd2 Rxe5 35. Bxe5 g6 36. Bf6 Kf8 37. Ke3 Ke8 38. Kd4 Bb3 39. c4 a5
40. c5 Kd7 41. Bg7 h5 42. Ke5 Kc6 43. Bf8 a4 44. Kf6 Kd7 45. f4 Be6 46. h4 Kc6
47. Ke5 Bf5 48. Kd4 Be6 49. b4 axb3 50. Kc3 Kb5 51. Bd6 Ka4 52. Kb2 Kb5 1/2-1/2

[Event "II. CLANSKA LIGA ZAHOD 2019"]
[Site "Komenda"]
[Date "2019.12.01"]
[Round "9.1"]
[White "Olenik Campa, Rudi"]
[Black "Sajn, Simon"]
[Result "0-1"]
[WhiteElo "1997"]
[BlackElo "2090"]
[PlyCount "139"]
[EventDate "2019.12.01"]
[WhiteTeam "SD DOMZALE TAJFUN 2"]
[BlackTeam "SK RIMEX ILIRSKA BISTRICA"]

1. e4 c5 2. Nf3 d6 3. d4 cxd4 4. Nxd4 Nf6 5. f3 Nc6 6. c4 Nxd4 7. Qxd4 g6 8.
Nc3 Bg7 9. Be3 O-O 10. Qd2 Be6 11. Be2 Qa5 12. Bd4 Rfc8 13. b3 Nd7 14. O-O
Bxd4+ 15. Qxd4 Qc5 16. Qxc5 Rxc5 17. Nb5 Rcc8 18. Nd4 Nc5 19. b4 Nd7 20. Nxe6
fxe6 21. Rfc1 e5 22. c5 dxc5 23. Bb5 Nf8 24. bxc5 Rc7 25. c6 b6 26. Ba6 Rd8 27.
a4 Rd6 28. a5 Rdxc6 29. Rxc6 Rxc6 30. axb6 axb6 31. Bb7 Rd6 32. Bd5+ Kg7 33.
Ra7 Kf6 34. Kf2 Nd7 35. Ke3 Nc5 36. g3 e6 37. Bc4 Rd4 38. Bb5 h5 39. h4 Rd8 40.
g4 hxg4 41. fxg4 g5 42. h5 Rf8 43. Rh7 Ra8 44. Rh6+ Ke7 45. Rh7+ Kd6 46. Rg7
Ra3+ 47. Ke2 Nxe4 48. Be8 Nf6 49. Bf7 Nxg4 50. Rxg5 Nf6 51. Bg6 Rh3 52. Kf2 Nd5
53. Bf7 Nf4 54. Be8 Ke7 55. Bg6 Kf6 56. Rg4 b5 57. Rg1 Nxh5 58. Bxh5 Rxh5 59.
Rb1 e4 60. Ke3 Ke7 61. Kxe4 Kd6 62. Rc1 Rc5 63. Rb1 Rc4+ 64. Kd3 Kc5 65. Re1
Kd5 66. Ra1 e5 67. Ra8 e4+ 68. Ke2 Kc5 69. Ra1 Rd4 70. Rb1 0-1

[Event "II. CLANSKA LIGA ZAHOD 2019"]
[Site "Komenda"]
[Date "2019.12.01"]
[Round "9.2"]
[White "Rolih, Miran"]
[Black "Osolin, Bogdan"]
[Result "1/2-1/2"]
[WhiteElo "1880"]
[BlackElo "1976"]
[PlyCount "71"]
[EventDate "2019.12.01"]
[WhiteTeam "SK RIMEX ILIRSKA BISTRICA"]
[BlackTeam "SD DOMZALE TAJFUN 2"]

1. d3 Nc6 2. f4 e5 3. fxe5 Nxe5 4. Bf4 Qf6 5. Qc1 Bd6 6. Nh3 h6 7. Nc3 Ne7 8.
Ne4 Qe6 9. Nxd6+ cxd6 10. Nf2 N7g6 11. Bd2 d5 12. e3 d4 13. e4 O-O 14. Be2 Nh4
15. O-O Qg6 16. g3 Nhf3+ 17. Bxf3 Nxf3+ 18. Kg2 Ne5 19. Nh3 d6 20. Nf4 Qh7 21.
Ne2 Nc6 22. b4 Bg4 23. Qe1 Bxe2 24. Qxe2 Nd8 25. Qh5 Rc8 26. Rac1 Rc6 27. Qd5
Ne6 28. b5 Rc5 29. Qxb7 Rc7 30. Qd5 Rfc8 31. Qb3 Qg6 32. Rf2 Qh5 33. a4 Nc5 34.
Qa3 d5 35. Bf4 Rd7 36. e5 1/2-1/2

[Event "II. CLANSKA LIGA ZAHOD 2019"]
[Site "Komenda"]
[Date "2019.12.01"]
[Round "9.3"]
[White "Cokan, Mirko"]
[Black "Dasic, Jelena"]
[Result "0-1"]
[WhiteElo "1728"]
[BlackElo "1798"]
[PlyCount "68"]
[EventDate "2019.12.01"]
[WhiteTeam "SD DOMZALE TAJFUN 2"]
[BlackTeam "SK RIMEX ILIRSKA BISTRICA"]

1. d4 Nf6 2. Nc3 d5 3. Bf4 c6 4. e3 Bf5 5. Nf3 e6 6. h3 Nbd7 7. Bd3 Bb4 8. a3
Bxc3+ 9. bxc3 Qa5 10. Qd2 Be4 11. Be2 Nb6 12. Bd6 Nc4 13. Bxc4 dxc4 14. Ne5 Nd5
15. Bb4 Qa4 16. f3 Bxc2 17. O-O a5 18. Nxc4 axb4 19. e4 bxc3 20. Qf2 Qxc4 21.
exd5 Bf5 22. dxc6 Qxc6 23. g4 Bg6 24. Rfe1 O-O 25. Re5 c2 26. Rc5 Qb6 27. Qe3
Qb1+ 28. Qc1 Qxc1+ 29. Rxc1 Rxa3 30. Kf2 Rb3 31. Ke2 Rb1 32. Kd2 Ra8 33. Rc4
Rxc1 34. Kxc1 Ra1+ 0-1

[Event "II. CLANSKA LIGA ZAHOD 2019"]
[Site "Komenda"]
[Date "2019.12.01"]
[Round "9.4"]
[White "Smolej, Ziga"]
[Black "Borstar, Dusan"]
[Result "1/2-1/2"]
[WhiteElo "1632"]
[BlackElo "1746"]
[PlyCount "60"]
[EventDate "2019.12.01"]
[WhiteTeam "SK RIMEX ILIRSKA BISTRICA"]
[BlackTeam "SD DOMZALE TAJFUN 2"]

1. d4 Nf6 2. Nf3 d5 3. Bf4 e6 4. e3 a6 5. c4 dxc4 6. Bxc4 b5 7. Bd3 Bb7 8. O-O
c5 9. dxc5 Bxc5 10. Qe2 O-O 11. Rd1 Qb6 12. Nbd2 Nbd7 13. a3 Rfe8 14. b4 Bf8
15. Ne5 g6 16. Ndf3 Nxe5 17. Bxe5 Bg7 18. Rac1 Rac8 19. Bd4 Qd8 20. Bb2 Qe7 21.
Bd4 Nd7 22. Bxg7 Kxg7 23. Qb2+ e5 24. Be2 f6 25. Nd2 Bd5 26. Bf1 Ba8 27. Be2
Bd5 28. Bf1 Ba8 29. Be2 Bd5 30. Bf1 Ba8 1/2-1/2

[Event "II. CLANSKA LIGA ZAHOD 2019"]
[Site "Komenda"]
[Date "2019.12.01"]
[Round "9.5"]
[White "Klander, Ales"]
[Black "Smolej, Ziga"]
[Result "0-1"]
[WhiteElo "1683"]
[BlackElo "1632"]
[PlyCount "66"]
[EventDate "2019.12.01"]
[WhiteTeam "SD DOMZALE TAJFUN 2"]
[BlackTeam "SK RIMEX ILIRSKA BISTRICA"]

1. e4 e5 2. Nf3 Nc6 3. Nc3 Nf6 4. d4 exd4 5. Nxd4 Bc5 6. Nxc6 bxc6 7. Bg5 Qe7
8. Qf3 Rb8 9. Rb1 Bb4 10. Bxf6 gxf6 11. Rd1 Ba5 12. b3 Bxc3+ 13. Qxc3 Qxe4+ 14.
Qe3 Qxe3+ 15. fxe3 d5 16. Be2 O-O 17. O-O Kg7 18. h3 Re8 19. Rf3 Rg8 20. Rdf1
Kh8 21. Kh2 f5 22. Bd3 c5 23. R1f2 Rg5 24. g4 fxg4 25. Rxf7 g3+ 26. Kg1 gxf2+
27. Kxf2 Kg8 28. Rxh7 Bf5 29. Rxc7 Bxd3 30. cxd3 Rf8+ 31. Ke1 Rg1+ 32. Kd2 Rf2+
33. Kc3 Rc1# 0-1